Countries by their dialing codes - Statistics

General Stats
  • This quiz has been taken 28 times
  • The average score is 7 of 20
Answer Stats
Code Answer % Correct
+1 Canada
50%
+33 France
50%
+55 Brazil
44%
+49 Germany
44%
+44 United Kingdom
44%
+91 India
38%
+52 Mexico
38%
+47 Norway
38%
+46 Sweden
38%
+54 Argentina
31%
+39 Italy
31%
+81 Japan
31%
+61 Australia
25%
+20 Egypt
25%
+62 Indonesia
25%
+64 New Zealand
25%
+27 South Africa
25%
+82 South Korea
25%
+90 Turkey
25%
+66 Thailand
19%
No matching quizzes found
Score Distribution
Percent of People with Each Score
Percentile by Number Answered
Your Score History
You have not taken this quiz